Earthquake lessons from China : (Record no. 19332)

000 -LEADER
fixed length control field 00586cam a2200193 i 4500
020 ## - INTERNATIONAL STANDARD BOOK NUMBER
ISBN 9780896298743 (alk. paper)
020 ## - INTERNATIONAL STANDARD BOOK NUMBER
ISBN 0896298744 (alk. paper)
040 ## - CATALOGING SOURCE
Transcribing agency DNAL
082 00 - DEWEY DECIMAL CLASSIFICATION NUMBER
Classification number 363 KEV 2017 C165 Or.
245 00 - TITLE STATEMENT
Title Earthquake lessons from China :
Remainder of title coping and rebuilding strategies /
300 ## - PHYSICAL DESCRIPTION
Number of Pages xiv, 144 pages :
Other physical details illustrations ;
Dimensions 22 cm
500 ## - GENERAL NOTE
General note "A peer-reviewed publication."
650 #0 - SUBJECT ADDED ENTRY--TOPICAL TERM
Topical Term Wenchuan Earthquake, China, 2008.
650 #0 - SUBJECT ADDED ENTRY--TOPICAL TERM
Topical Term Earthquakes
650 #0 - SUBJECT ADDED ENTRY--TOPICAL TERM
Topical Term Disaster relief
650 #0 - SUBJECT ADDED ENTRY--TOPICAL TERM
Topical Term Emergency management
700 1# - ADDED ENTRY--PERSONAL NAME
Personal name Chen, Kevin Z.,
942 ## - ADDED ENTRY ELEMENTS (KOHA)
Koha item type ADB
952 ## - LOCATION AND ITEM INFORMATION (KOHA)
Withdrawn status [LOCAL, KOHA] 0
952 ## - LOCATION AND ITEM INFORMATION (KOHA)
Withdrawn status [LOCAL, KOHA] 0
Holdings
Source of acquisition Permanent Location Date acquired Koha item type Lost status Shelving location Current Location Full call number
A36709Library Block C2020-09-23សៀវភៅភាសាអង់គ្លេស C165Library Block C363 KEV 2017 C165 Or.
 Library Block C2020-09-23សៀវភៅភាសាអង់គ្លេស  Library Block C363 KEV 2017 C165 Or.
មជ្ឈមណ្ឌលឯការនៃសាកលវិទ្យាល័យភូមិន្ទកសិកម្មចំការដូង

Powered by Koha